| 000 | 00937nam a2200277 a 4500 | ||
|---|---|---|---|
| 003 | AR-BaBNM | ||
| 005 | 20251128205045.0 | ||
| 008 | 082120s2002 ||||||||||||||000 | spa|| | ||
| 020 | _a950-602-270-9 | ||
| 040 | _cAR-BaBNM | ||
| 100 | 1 | _aRondal, Jean A. | |
| 245 | 0 | 0 |
_aDesarrollo del lenguaje en el niño con síndrome de Down _bmanual práctico de ayuda e intervención |
| 260 |
_aBuenos Aires _bNueva Visión _c1993 |
||
| 300 |
_a174 p. _btablas |
||
| 490 | 0 | _aPsicología contemporánea | |
| 500 | _aNómina de entidades vinculadas con el síndrome de Down en países de habla hispana: p. 166-171 | ||
| 504 | _aBibliografía: p. 161-165 | ||
| 650 | 4 | _aEDUCACION ESPECIAL | |
| 650 | 4 | _aDESARROLLO DEL LENGUAJE | |
| 650 | 4 | _aDESARROLLO DEL VOCABULARIO | |
| 650 | 4 | _aSINDROME DE DOWN | |
| 700 | 1 |
_aLiberoff, Marta S. de _eprologuista |
|
| 700 | 1 |
_aMassa Sojo, Victoria Isabel _etraductor |
|
| 942 | _cBK | ||
| 998 | _csilvi | ||
| 999 |
_c9813 _d9813 |
||